000 00562nam a2200181 i 4500
001 49731
003 ES-MaACL
005 20230906162043.0
007 t|
008 030722s1922 fr ||||1| fre d
100 1 _aCourcelle Seneuil, J.G.
_941267
245 1 4 _aLes opérations de banque /
_cpar J.G. Courcelle Seneuil.
250 _a2em ed. rev. et mise a jour
_bpar André Liesse.
260 _a[S.l. :
_bs.n.],
_c1922 (
_eLaval :
_fBarneond)
300 _aXVIII, 754 p. ;
_c23 cm.
700 1 _aLiesse, André.
_972259
852 _aES-MaACL
_jF-5507
_bR.5036
999 _c49731
_d49731